000 00495nam a2200169 i 4500
001 42824
003 ES-MaACL
005 20230906160702.0
007 t|
008 030314s1966 sp ||||1| spa d
100 1 _aCeriani, G.
_937520
245 1 0 _aIntroducción a la Teología pastoral /
_cG. Ceriani ; versión española T. G. Santiago.
260 _aMadrid :
_bStudium,
_c[1966]
300 _a253 p. ;
_c21 cm.
700 1 _aSantiago, T. G.
_9103389
852 _aES-MaACL
_jC-31104
_bR.61754
999 _c42824
_d42824